<?xml version="1.0" encoding="UTF-8"?>
<record
    xmlns:xsi="http://www.w3.org/2001/XMLSchema-instance"
    xsi:schemaLocation="http://www.loc.gov/MARC21/slim http://www.loc.gov/standards/marcxml/schema/MARC21slim.xsd"
    xmlns="http://www.loc.gov/MARC21/slim">

  <leader>00811nam a22001697a 4500</leader>
  <controlfield tag="003">NUST</controlfield>
  <controlfield tag="005">20220720124158.0</controlfield>
  <datafield tag="020" ind1=" " ind2=" ">
    <subfield code="a">978-1-62705-708-2</subfield>
  </datafield>
  <datafield tag="082" ind1=" " ind2=" ">
    <subfield code="a">005.1, BRA</subfield>
  </datafield>
  <datafield tag="100" ind1=" " ind2=" ">
    <subfield code="d">Manuel Wimmer</subfield>
    <subfield code="e">Jordi Cabot</subfield>
    <subfield code="q">Marco Brambilla</subfield>
    <subfield code="9">94040</subfield>
  </datafield>
  <datafield tag="245" ind1=" " ind2=" ">
    <subfield code="a">Model driven software engineering in practice </subfield>
  </datafield>
  <datafield tag="250" ind1=" " ind2=" ">
    <subfield code="a">2nd Edition </subfield>
  </datafield>
  <datafield tag="260" ind1=" " ind2=" ">
    <subfield code="b">Morgan &amp; Claypool </subfield>
    <subfield code="c">2017</subfield>
  </datafield>
  <datafield tag="300" ind1=" " ind2=" ">
    <subfield code="a">xv, 191.p</subfield>
  </datafield>
  <datafield tag="505" ind1=" " ind2=" ">
    <subfield code="a">Introduction (Page-1), MDSE Principles (Page-7), MDSE Use Cases (Page-25), Model-driven Architecture (MDA) (Page-43), Integration of MDSE in your Development Process (Page-53), Modeling Languages at a Glance (Page-63), Developing your Own Modeling Language (Page-85), Model-to-Model Transformations (Page-123), Model-to-Text Transformations (Page-141), Managing Models (Page-157).</subfield>
  </datafield>
  <datafield tag="942" ind1=" " ind2=" ">
    <subfield code="2">ddc</subfield>
    <subfield code="c">BK</subfield>
  </datafield>
  <datafield tag="999" ind1=" " ind2=" ">
    <subfield code="c">590391</subfield>
    <subfield code="d">590391</subfield>
  </datafield>
  <datafield tag="952" ind1=" " ind2=" ">
    <subfield code="0">0</subfield>
    <subfield code="1">0</subfield>
    <subfield code="2">ddc</subfield>
    <subfield code="4">0</subfield>
    <subfield code="7">0</subfield>
    <subfield code="a">MCS</subfield>
    <subfield code="b">MCS</subfield>
    <subfield code="c">REF</subfield>
    <subfield code="d">2022-07-20</subfield>
    <subfield code="o">005.1,BRA</subfield>
    <subfield code="p">MCS38625</subfield>
    <subfield code="r">2022-07-20</subfield>
    <subfield code="w">2022-07-20</subfield>
    <subfield code="y">BK</subfield>
    <subfield code="z">Almirah Fresh No.43, Shelf No.4</subfield>
  </datafield>
</record>
